000 00926nam a2200289Ia 4500
001 Para_8015
003 CHAP
008 220125s1924 xx 000 0 und d
010 _a206944
040 _cCHAP
082 _aPA-C 595.75 H4
100 _aWebster, R.L.
_9121313
245 _aFumigation with hydrogen cyanide for control of pear psylla /
_c by R.L. Webster
260 _aGeneva, N.Y. :
_b Agricultural Experiment Station
300 _a23 p.
440 _aHemiptera; 11
_9173293
500 _aEncuadernado con otros impresos similares
650 _a
_x Hemípteros
_x colecciones de escritos
_x Control biológico de insectos
_x Psylapyricola
_9173350
710 _aNew York Agr. Exp. Sta.; Bull.; 523
_9173351
901 _aPA-C 595.75 H4
902 _aA
905 _a0000001924 0000000000 00
910 _a1924
942 _cPARA
942 _cPARA
_d1
999 _c206944
_d206944